Лица святых от Иисуса к нам; Собрание сочинений

Podrobná bibliografie
Parent link:Собрание сочинений/ Д. С. Мережковский. [Т. 2].— , 1997
Jazyk:ruština
Vydáno: 1997
Témata:
Médium: MixedMaterials Kniha
KOHA link:https://koha.lib.tpu.ru/cgi-bin/koha/opac-detail.pl?biblionumber=10200

MARC

LEADER 00000nam0a2200000 4500
001 10200
005 20231030182827.0
010 |a 5250026354 
035 |a (RuTPU)RU\TPU\book\10259 
035 |a BOOK00010323 
090 |a 10200 
100 |a 20011209d1997 km y0rusy50 ca 
101 0 |a rus 
102 |a RU 
105 |a y z 000zy 
200 1 |a Лица святых от Иисуса к нам 
210 |d 1997 
215 |a 366 с. 
461 |t Собрание сочинений  |v [Т. 2]  |f Д. С. Мережковский  |d 1997 
610 1 |a философия 
610 1 |a русская философия 
610 1 |a 20 век 
610 1 |a религиозная философия 
610 1 |a христианство 
686 |a Ю3(2)6  |v LBC/SL-A  |2 rubbk 
686 |a Э37  |v LBC/SL-A  |2 rubbk 
801 0 |a RU  |b 63413507  |c 20011209  |g PSBO 
801 2 |a RU  |b 63413507  |c 20070911  |g PSBO 
942 |c BK